Statistics for Country... or a Country Capital? #3

Click here to take the quiz!

General Stats

  • This quiz has been taken 26 times
  • The average score is 17 of 18

Answer Stats

QuestionTileSelect% Correct
the countriesChinaYes
100%
the countriesFunafutiNo
100%
the countriesHelsinkiNo
100%
the countriesJapanYes
100%
the countriesMaseruNo
100%
the countriesMontevideoNo
100%
the countriesSlovakiaYes
100%
the country capitalsBaghdadYes
96%
the countriesBhutanYes
96%
the country capitalsLiechtensteinNo
96%
the countriesSouth AfricaYes
96%
the country capitalsPeruNo
92%
the country capitalsSana'aYes
92%
the country capitalsUgandaNo
92%
the country capitalsUruguayNo
92%
the country capitalsBangkokYes
88%
the country capitalsMoscowYes
88%
the country capitalsParisYes
88%

Score Distribution

Percentile by Number Answered

Percent of People with Each Score

Your Score History

You have not taken this quiz